Konfliktné rozhodovacie situácie bakalárska práca

Salvato in:
Dettagli Bibliografici
Autore principale: Zákutný, Marek
Ente Autore: Fakulta hospodárskej informatiky EU. Katedra operačného výskumu a ekonometrie
Altri autori: Čičková, Zuzana, 1978-
Natura: Libro
Lingua:slovacco
Pubblicazione: Bratislava 2013
Tags: Aggiungi Tag
Nessun Tag, puoi essere il primo ad aggiungerne!!

MARC

LEADER 00000nbm a2200000 4500
001 0173298
005 20161109112152.8
041 0 |a slo 
044 |a SK 
245 1 0 |a Konfliktné rozhodovacie situácie  |b bakalárska práca  |c Marek Zákutný ; školiteľ: Zuzana Čičková 
264 1 |a Bratislava  |c 2013 
300 |a 41 s. 
100 1 |a Zákutný, Marek 
700 1 |a Čičková, Zuzana, 1978- 
710 2 |a Fakulta hospodárskej informatiky EU. Katedra operačného výskumu a ekonometrie